Statistiche per Riconosci la Squadra di calcio - Quiz n°340

Clicka qui per fare il quiz!

Statistiche generali

  • Questo quiz è stato fatto 9 volte
  • Il punteggio medio è 7 su 9

Statistiche sulle risposte

IndizioRisposta% Corretto
Titoli nazionali3 Campionati francesi di seconda divisione
100%
Colori socialiRosso, bianco
100%
Trofei nazionali0
86%
ConfederazioneUEFA
86%
Trofei internazionali0
71%
Capienza Stadio16 000 posti
71%
Fondazione1903
71%
Divisione nazionale 2023-2024Prima
71%
SquadraBrest
57%

Distribuzione punteggi

Percentile per numero di risposta

Percentuale di utenti per punteggio

I tuoi punteggi nel tempo

Non hai fatto questo quiz